Govt. of
Madhya Pradesh

मैथिलीशरण गुप्त का राम और कृष्ण काव्य (Record no. 69005)

MARC details
000 -LEADER
fixed length control field 00449nam a22001097a 4500
082 ## - DEWEY DECIMAL CLASSIFICATION NUMBER
Classification number 800/KAL
100 ## - MAIN ENTRY--AUTHOR NAME
Personal name कालरा,डॉ. शकुंतला
245 ## - TITLE STATEMENT
Title मैथिलीशरण गुप्त का राम और कृष्ण काव्य
260 ## - PUBLICATION, DISTRIBUTION, ETC. (IMPRINT)
Place of publication दिल्‍ली
Name of publisher चन्‍द्रमेुखी प्रकाशन
Year of publication 2025
650 ## - SUBJECT ADDED ENTRY--TOPICAL TERM
Topical Term काव्‍यालोचना
942 ## - ADDED ENTRY ELEMENTS (KOHA)
Koha item type Hindi Books
Holdings
Withdrawn status Lost status Damaged status Not for loan Home library Current library Date acquired Cost, normal purchase price Full call number Accession Number Price effective from Koha item type
        MACL MACL 09/04/2026 450.00 800/KAL CRH039107 09/04/2026 Hindi Books